Summit's Fundamentals of Operative Dentistry (Record no. 32777)

MARC details
000 -LEADER
fixed length control field 00381nam a22001577a 4500
003 - CONTROL NUMBER IDENTIFIER
control field SGT
020 ## - INTERNATIONAL STANDARD BOOK NUMBER
International Standard Book Number 9788192297729
082 ## - DEWEY DECIMAL CLASSIFICATION NUMBER
Classification number 617.6342
Item number S14H
100 ## - MAIN ENTRY--PERSONAL NAME
Personal name Hilton, Thomas J.
245 ## - TITLE STATEMENT
Title Summit's Fundamentals of Operative Dentistry
250 ## - EDITION STATEMENT
Edition statement 4th Indian Ed.
260 ## - PUBLICATION, DISTRIBUTION, ETC. (IMPRINT)
Name of publisher, distributor, etc Quintessence Books
Year of Publication 2014
300 ## - PAGE DESCRIPTION
No. of Pages 600
650 ## - SUBJECT ADDED ENTRY--TOPICAL TERM
Topical term or geographic name as entry element Operative Dentistry
942 ## - ADDED ENTRY ELEMENTS (KOHA)
Source of classification or shelving scheme Dewey Decimal Classification
Koha item type Books
Holdings
Withdrawn status Lost status Source of classification or shelving scheme Damaged status Use restrictions Not for loan Home library Current library Shelving location Date acquired Vendor Name Cost, normal purchase price SGTU Bill Number Total Checkouts Full call number Accession No. (Barcode) Date last seen Bill Date Koha item type
    Dewey Decimal Classification   Restricted Access Not For Loan SGT Dental Library SGT Dental Library Reference Book 07/10/2025 Ahuja Book Co. Pvt. Ltd. 3495.00 SGTU 21713   617.6342 S14H FD9748 07/10/2025   Books